01774cam a2200265 i 4500001001700000005001700017008004100034020001800075035002200093035004200115040004500157041000800202050002500210245009600235260003600331300004600367504005100413520074300464650002601207650003201233700002401265700002501289700002601314776016801340995290327910515820251003171959.0230714s2024 enka b 001#0 eng d a9781447369561 a(OCoLC)1390189980 a(EXLNZ-01OCUL_NETWORK)994277461805151 aYDXbengerdacYDXdBDXdKIJdOCLCOdYDX aeng 4aQA76.9.Q36bH36 202404aThe handbook of creative data analysisc/ edited Helen Kara, Dawn Murray, and Alastair Roy. aBristol :bPolicy Press,c2024. axxiv, 481 pages :billustrations ;c25 cm aIncludes bibliographical references and index. aCreative research methods for data generation have expanded over recent decades and researchers are eager to take a creative approach to data analysis. It is challenging to bring creativity into data analysis while retaining a systematic, rigorous, and ethical approach. Written by experts in the field, this handbook addresses these challenges. The chapters adapt analytical techniques in creative ways for novice and expert researchers. Existing and novel methods from analysis of quantitative data to embodied, performative, visual, written, arts-based, and collaborative analysis are featured with case examples that are transferable across disciplines. This collection offers a definitive practical guide to creative data analysis. 0aQuantitative research 0aCreative ability in science aKara, Heleneeditor aMurray, Dawneeditor aRoy, Alastaireeditor08iElectronic version:tHandbook of creative data analysis.dBristol : Policy Press, an imprint of University of Bristol Press, 2024z9781447369592w(OCoLC)1454607536